|
|
|
|
| LEADER |
00000nab a2200000 a 4500 |
| 001 |
vtls009466650 |
| 003 |
SK-MaSNL |
| 005 |
20260303203140.0 |
| 008 |
090129c2005 xo r m 000 00slo |
| 015 |
|
|
|a SNBRA2009/02SVKPO
|
| 038 |
|
|
|a SVKPO
|
| 040 |
|
|
|a SVKPOCL
|c slo
|e AACR2
|
| 041 |
0 |
|
|a slo
|b ger
|
| 044 |
|
|
|a xo
|c SK
|
| 080 |
|
|
|a 373.5(437.671.117.176)(=161.2)
|2 2001
|
| 080 |
|
|
|a 371(437.6)(091)
|2 2001
|
| 080 |
|
|
|a 373.5(437.671.117.176)(=161.25)
|2 2001
|
| 080 |
|
|
|a 316.022.4(=161.2)(437.6)
|2 2001
|
| 080 |
|
|
|a 316.022.4(=161.25)(437.6)
|2 2001
|
| 100 |
1 |
|
|a Ričalka, Michal,
|d 1928-2009
|4 aut
|9 218779
|
| 245 |
1 |
0 |
|a Podiel prešovského evanjelického kolégia na výchove inteligencie Rusínov-Ukrajincov v rokoch 1918-1945
|c Michal Ričalka
|
| 504 |
|
|
|a Bibliogr. odkazy
|
| 546 |
|
|
|a Res. nem.
|
| 610 |
2 |
7 |
|a Evanjelické kolégium v Prešove
|2 svkpocl
|9 231684
|
| 610 |
2 |
7 |
|a Evanjelické kolégium v Prešove
|2 svkpocl
|9 231684
|
| 648 |
|
7 |
|a r. 1918-1945
|2 svkpocl
|9 1235408
|
| 650 |
0 |
7 |
|a Rusíni-Ukrajinci
|x Evanjelické kolégium (Prešov, Slovensko)
|x štúdium
|2 svkpocl
|9 1235409
|
| 650 |
0 |
7 |
|a Rusíni-Ukrajinci na Slovensku
|2 svkpocl
|9 484744
|
| 650 |
0 |
7 |
|a dejiny školstva
|2 svkpocl
|9 71224
|
| 651 |
|
7 |
|a Prešov (Slovensko)
|2 svkpocl
|9 17347
|
| 773 |
0 |
|
|t Prešovské evanjelické kolégium, jeho miesto a význam v kultúrnych dejinách strednej Európy
|d Prešov : Biskupský úrad Východného dištriktu Evanjelickej cirkvi a. v. na Slovensku, 1997
|g S. 85-89
|z 8096795104
|
| 852 |
|
|
|a SVKPO
|b KIS3GCP
|
| 958 |
|
|
|a SK
|
| 958 |
|
|
|a NB
|
| 958 |
|
|
|a RN
|
| 958 |
|
|
|a UK
|
| 999 |
|
|
|c 2183847
|d 2185777
|